Statystyki dla Quiz o Białorusi

Kliknij tutaj aby rozwiązać quiz!

Ogólne statystyki

  • Ten quiz został rozwiązany 6 038 razy
  • Średni wynik to 13 z 17

Statystyki odpowiedzi

WskazówkaOdpowiedź% Poprawnych
StolicaMińsk
99%
Języki urzędoweRosyjski
98%
Państwo, od którego Białoruś odzyskała niepodległość w 1990 rokuZwiązek Radziecki
97%
Języki urzędoweBiałoruski
96%
Kraj, z którym Białoruś graniczy od południaUkraina
92%
Pierwszy i jedyny prezydent Białorusi, od 1994 do dzisiajAlaksandr
Łukaszenka
89%
Białoruś jest jedynym krajem w Europie, który nie zniósł (ani nie nałożył moratorium)
na tą kontrowersyjną karę
Kara {śmierci}
84%
Około 20% ziem uprawnych Białorusi zostało skażonych
chemicznie przez tę katastrofę z 1986 roku
Czarnobyl
83%
WalutaRubel
80%
Dawna nazwa Białorusi{Biała} Ruś
73%
Alfabet używany na BiałorusiCyrylica
72%
Odłam chrześcijaństwa praktykowany przez 48,3% ludnościCerkiew {prawosławna}
70%
25.3% ludności Białorusi zostało zabitych podczas
tego zbrojnego konfliktu, najwięcej ze wszystkich państw
II wojna światowa
68%
Drugi najpopularniejszy sport (po piłce nożnej)Hokej
56%
Nazwij jedną z trzech głównych rzek przepływających przez BiałoruśNiemen | Prypeć |
Dniepr
53%
Narodowym zwierzęciem Białorusi jest żubr, znany także jako...Europejski {bizon}
50%
Z powodu braku wolności Białoruś jest czasami nazywana ...Ostatnia
{dyktatura}
w Europie
49%

Rozkład punktacji

Percentyl według liczby udzielonych odpowiedzi

Procent ludzi z każdym wynikiem

Twoja historia wyników

Nie rozwiązałeś tego quizu